| 000 | 01104njm a22002897a 4500 | ||
|---|---|---|---|
| 005 | 20100913100347.0 | ||
| 007 | sd ammalaaahaa | ||
| 008 | 100913t xxu||||| |||| 00| 0 hin d | ||
| 028 |
_aTAE. 1028 _bODEON |
||
| 035 | _aGR-02380 | ||
| 040 | _aSED/VEN | ||
| 100 |
_aMohd. Rafi _919606 |
||
| 245 |
_aKala bazar / _cby Mohd. Rafi ; music by S. D. Burman ; lyric by Shailendra _h[sound recording] : |
||
| 246 | _aकाला बाज़ार (मोहमद. रफ़ी ) | ||
| 260 |
_aDum Dum, India _bODEON _cn. d. |
||
| 300 |
_a1 sound disc [Gramophone record] : _banalog, 45 rpm _c7 in. _fGramophone record |
||
| 500 | _aBrief record. | ||
| 500 | _aODEON | ||
| 500 | _aBlack | ||
| 500 | _aExtended Play | ||
| 505 |
_aPart 1 Khoya khoya chand (Mohd. Rafi) खोया खोया चाँद, Part 2 Apni to har aah अपनी तो हर आह _r |
||
| 650 |
_aClassical Music _xExcerpts _zIndia _919607 |
||
| 700 |
_aBurman, S. D. _91184 |
||
| 700 |
_aShailendra _919798 |
||
| 942 |
_2ddc _cGR |
||
| 999 |
_c45596 _d45596 |
||